000
00310nam a2200121 a 4500
008
100920s1985|||| d
100
1
_a
Edigey, Jerzy
245
1
0
_a
Penzión na pobrežnej ceste
_b
Vraždy podľa abecedy
260
_b
Pravda
_a
Bratislava
_c
1985
020
_c
32
044
_a
xo
_c
SK
041
_a
slo
999
_c
10492
_d
10492